000 00872nam a2200229 a 4500
005 20140310183404.0
008 121120s19uu xx 00 eng d
020 _a9781845411114
050 _aRA 794
_b.Er74 2009
100 _aErfurt-Cooper, Patricia
245 _aHealth and wellness tourism :
_bspas and hot springs /
_cPatricia Erfurt-Cooper and Malcolm Cooper.
260 _aBristol, UK :
_bChannel View,
_c2009.
300 _axiv, 362 p. :
_bill. ;
_c24 cm.
440 _aAspects of tourism
500 _aIncludes bibliographical references and index
520 _aExplores health and wellness tourism from a range of perspectives including usage, heritage, management, technology, environmental and cultural features, and marketing.
521 _aTOU
650 _aHealth resorts
700 _aCooper, Malcolm
942 _cBK
_2lcc
_kFOR
999 _c22366
_d22366